Normal view
MARC view
- Hollingsworth, Kathryn
Entry Personal Name
001 - CONTROL NUMBER
- control field: 128728
003 - CONTROL NUMBER IDENTIFIER
- control field: NUST
005 - DATE AND TIME OF LATEST TRANSACTION
- control field: 20250416155248.0
008 - FIXED-LENGTH DATA ELEMENTS
- fixed length control field: 250416|| aca||aabn | a|a d
040 ## - CATALOGING SOURCE
- Original cataloging agency: NUST
- Transcribing agency: NUST
100 ## - HEADING--PERSONAL NAME
- Personal name: Hollingsworth, Kathryn
670 ## - SOURCE DATA FOUND
- Source citation: Work cat.: (NUST)0: Bainham, Andrew, author. 128724, Children, the modern law /
